00505nam a2200157Ia 4500008004000000082001300040100001900053245005300072250000500125260004200130300001000172690001900182906001100201999001700212952011800229210210b1980 xxu||||| |||| 00| 0 eng d a954 MAHH aMAHAJAN (V D). aHistory of India Part-2. (medieval India). Ed 1. a aNew Delhi.bS. Chand & Co. Ltd.c1980 ax,406 aIndian History a034489 c85356d85356 001040708HistoryaALbALcHistoryd2021-02-17g50.00l0o954 MAHHp034489r2021-02-17 00:00:00w2021-02-17yBK